000 00406pab a2200157 454500
008 180718b2001 xxu||||| |||| 00| 0 eng d
100 _aMadhavan, A.
245 _aNeed for fresh approach: steering foreign policy in troubled times
260 _c2001
300 _ap.12
362 _a1 Jan
650 _aForeign policy
650 _aInternational relations
773 _aDeccan Herald
909 _a48669
999 _c48669
_d48669